Word Ladder: New Girl Couple Quiz Stats

 Plays Quiz Updated Mar 22, 2019

Score 0/8 Timer 02:00
6 Plays Today
Clue 4-Letter Word % Correct
A group of wolves.PACK
97.6%
An agreement, sometimes sealed with blood.PACT
95.3%
X-Men: Days of Future ____ - 2014 superhero film.PAST
92.4%
An annoying person or thing.PEST
90.7%
A joke or quip.JEST
87.6%
____ Day - New Girl character.JESS
86.3%
Something a Curator or Editor might make.PICK
72.3%
____ Miller - New Girl character.NICK
65.4%

Today's Daily Dose

Missing Word
Video Games (A-Z)

Get the Picture
Tom Hanks

You're not logged in!

Compare scores with friends on all Sporcle quizzes.
OR
Log In

Sporcle TV

Today on Sporcle TV


Watch our educational content, quiz creation guides, and fun videos on Sporcle TV.

Show Comments

Extras

Top Quizzes Today


Score Distribution

Your Account Isn't Verified!

In order to create a playlist on Sporcle, you need to verify the email address you used during registration. Go to your Sporcle Settings to finish the process.

Report this User

Report this user for behavior that violates our Community Guidelines.

Details: